000 00674nam a2200205Ia 4500
003 GCL
008 140319s9999 xx 000 0 ara d
040 _aGCL /
_cGCL
082 0 4 _a320.956
_bم و
100 1 _aمحمد عبدالعزيز ربيع
245 1 0 _aالوجة الاخر للهزيمة العربية /
_cمحمد عبدالعزيز ربيع
260 _a[S.N] :
_bرياض الريس للكتب والنشر
300 _a235 ص
490 _a
650 0 4 _aالعالم العربى
650 0 4 _aالنزاع العربى الاسرائيلى
650 0 4 _aالحرب والسلام
650 0 4 _aحرب يونيو 1967 - مصر
942 _2ddc
_cBK
999 _c34562
_d34562